[Event "19th Karpov Poikovsky 2018"]
[Site "Poikovsky"]
[Date "2018.05.30"]
[Round "4"]
[White "Kovalev, Vladislav"]
[Black "Fedoseev, Vladimir"]
[Result "0-1"]
[WhiteElo "2650"]
[BlackElo "2706"]
[Annotator "TA"]
[PlyCount "94"]
[EventDate "2018.??.??"]
[EventType "tourn"]
[EventCountry "RUS"]
[SourceTitle "playchess.com"]
[Source "ChessBase"]
[SourceQuality "1"]

{[%evp 12,94,34,5,39,29,47,18,23,14,39,0,47,38,70,-3,46,-41,-46,-44,-37,-36,-44,-39,-43,-49,-10,-10,-20,-58,-57,-60,-6,-25,-25,-44,-28,-52,-35,-39,-52,-54,-79,-110,-110,-76,-78,-139,-135,-134,-126,-129,-126,-206,-188,-208,-190,-191,-203,-205,-189,-354,-348,-295,-343,-344,-321,-298,-292,-675,-625,-632,-592,-775,-775,-775,-775,-775,-775,-1128,-912,-1205,-767,-1426,-1322]} 1. e4 c5 2. Nf3 d6 3. Bb5+ Nd7 4. d4 cxd4 5. Qxd4 a6 6. Bxd7+ Qxd7 {B51: Sicilian: Moscow Variation (3 Bb5+) without 3...Bd7} (6... Bxd7 7. c4 e5 8. Qd3 b5 9. Nc3 bxc4 10. Qxc4 Be6 11. Qc6+ Bd7 12. Qc4 Be6 13. Qc6+ Bd7 {½-½ (13) Jones,G (2651)-Wojtaszek,R (2738) Batumi 2018}) 7. c4 {LiveBook: 3 Games} Qc6 8. Nc3 Bg4 {White has an edge.} 9. Be3 $146 ({Predecessor:} 9. b3 Bxf3 10. gxf3 Nf6 11. Be3 g6 12. Rc1 Bg7 13. Nd5 Nh5 {½-½ (35) Licznerski,L (2001)-Lis,M (2071) Karpacz 2010}) 9... Bxf3 10. gxf3 Nf6 11. O-O-O Nd7 12. f4 Rc8 13. Qd5 (13. Kb1 $14) 13... Qc7 14. f5 ({White should play} 14. Qd2 $14) 14... Nf6 $15 15. Qd4 Qxc4 16. Kb1 e5 17. Qxc4 Rxc4 18. f3 h6 19. Rhg1 Rg8 20. Rg2 g5 $1 21. Rdg1 {[#]} Rh8 (21... d5 $1 $15 {[%mdl 512]} 22. Nxd5 Nxd5 23. exd5 Bc5) 22. Kc2 Be7 23. Kd3 Rc6 24. h4 gxh4 25. Bf2 b5 26. Bxh4 Nh5 $1 $36 {[%cal Rh5f4][%mdl 2048] Black is on the roll.} 27. Rg8+ Rxg8 28. Rxg8+ Kd7 29. Bg3 ({White should try} 29. Bf2) 29... Bg5 $17 30. Bh2 Rc8 31. Rxc8 Kxc8 {[%mdl 4096] Endgame KBN-KBN} 32. a4 (32. b3 $17) 32... bxa4 $19 33. Nxa4 Nf6 34. Nc3 h5 {[%cal Bh6h5,Bh5h4][%mdl 32]} 35. Ke2 Kd7 36. f4 $2 (36. Bg3 {was necessary.}) 36... Bxf4 ({Not} 36... exf4 37. Kf3 $17) 37. Bxf4 exf4 {KN-KN} 38. Kf3 h4 39. Kxf4 Kc6 40. b4 $2 (40. Nd1) 40... d5 {[%cal Bd6d5,Bd5d4,Bd4d3][%mdl 32] Black is clearly winning.} 41. e5 d4 42. Nb1 h3 {Threatens to win with ...h2.} 43. Kg3 {[#]} Ng4 $1 {[%mdl 512]} 44. Kxh3 (44. Kxg4 h2) 44... Nxe5 45. Kg3 Kd5 46. Nd2 d3 47. Kf4 Nc4 {Precision: White = 24%, Black = 68%.} 0-1

[Event "19th Karpov Poikovsky 2018"]
[Site "Poikovsky"]
[Date "2018.05.31"]
[Round "5"]
[White "Vidit, Santosh Gujrathi"]
[Black "Gelfand, Boris"]
[Result "1/2-1/2"]
[WhiteElo "2707"]
[BlackElo "2695"]
[Annotator "TA"]
[PlyCount "127"]
[EventDate "2018.??.??"]
[EventType "tourn"]
[EventCountry "RUS"]
[SourceTitle "playchess.com"]
[Source "ChessBase"]
[SourceQuality "1"]

{[%evp 19,126,30,17,0,22,27,28,31,102,80,110,87,97,76,86,84,95,69,79,95,126,133,133,116,116,116,116,116,116,116,116,116,116,116,116,116,116,114,116,116,116,91,116,108,109,70,78,46,46,46,46,46,135,0,163,107,107,107,125,110,209,209,352,0,0,0,0,0,215,215,215,215,207,190,215,0,0,0,215,215,244,0,516,516,497,483,428,410,475,387,387,369,414,399,775,0,391,0,0,0,0,0,0,0,29995,0,0,0,1917]} 1. e4 c5 2. Nf3 Nc6 3. Bb5 g6 4. Bxc6 bxc6 5. O-O Bg7 6. Re1 Nh6 7. c3 O-O 8. d4 cxd4 9. cxd4 d5 10. e5 {B31: Sicilian: 2...Nc6 3 Bb5 g6} f6 {LiveBook: 111 Games} 11. Qc2 $146 ({Predecessor:} 11. Nbd2 fxe5 12. Nxe5 Bxe5 13. dxe5 Qb6 14. Nf3 Nf5 15. Qc2 c5 16. b3 Bb7 17. Ba3 Rac8 {1-0 (77) Karthikeyan,M (2585)-Mamedov,R (2709) Moscow 2018}) 11... Bg4 {...Bxf3 is the strong threat.} 12. Nbd2 {The position is equal.} Qb6 13. h3 fxe5 (13... Bxf3 $14 14. exf6 Bd1 15. Rxd1 exf6) 14. hxg4 $16 Nxg4 15. Nc4 dxc4 16. Qxc4+ Kh8 {[%cal Re5d4]} 17. Qe6 $1 {[%cal Re6g4]} Rf5 18. Re4 Nf6 19. Rxe5 Rxf3 20. gxf3 Qxd4 21. Be3 (21. Qxc6 Rf8 $14) 21... Qxb2 22. Rc1 Rf8 23. Rxc6 Ng4 24. Re4 $1 Nxe3 25. Rxe3 Bf6 26. Rc8 Rxc8 27. Qxc8+ {[%mdl 4096] Endgame KQR-KQB} Kg7 28. Qe6 Qc1+ 29. Kg2 Qc5 30. Re4 a5 31. f4 {[%cal Bf3f4,Bf4f5][%mdl 32]} Qc2 32. f5 g5 $1 33. a4 Qd1 34. Rc4 h5 35. Qe4 g4 ({Black should play} 35... h4 $14) 36. Rc7 (36. Rc5 $16) 36... Qd6 $2 (36... h4 $1 $11 {and Black stays safe.} 37. Rxe7+ Bxe7 38. Qxe7+ Kg8) 37. Ra7 (37. Rc8 $18) 37... Qc5 38. Rd7 Qa3 39. Rd3 Qc5 (39... Qc1 $16) 40. Rd8 $1 $18 {And now Qe6 would win.} Qc3 (40... Qb6 {keeps fighting.} 41. Ra8 Bh4 42. Qe5+ Bf6) 41. Qe6 $2 ({Only move:} 41. Qd5 $1 $18 {[%cal Rd5g8]} Kh6 42. Rg8) 41... Kh6 $11 42. Rg8 Qf3+ 43. Kg1 Qd1+ $2 (43... h4 $11 {and Black has nothing to worry.}) 44. Kh2 $18 {Threatening mate with Rg6+.} h4 45. Rg6+ $1 Kh5 {[#]} 46. Rg7 $1 {[%mdl 512]} Kh6 (46... Bxg7 47. Qg6#) 47. Rg6+ $2 ({White must play} 47. Rxe7 $18 Qd4 48. Qe3+ Qxe3 49. Rxe3) 47... Kh5 $11 {[#]} 48. Rg7 $3 {[%mdl 512]} Kh6 $1 $18 {[%cal Rh6g7]} (48... Bxg7 49. Qg6#) 49. Rxe7 Kg5 50. Re8 $2 (50. Qe3+ $18 Kxf5 51. Qe6+ Kg6 52. Rd7) 50... Qc2 $2 {[%mdl 8192]} (50... Qd4 $11 51. Rg8+ Kf4) 51. Qe3+ $1 (51. Rg8+ Kf4 $11) 51... Kh5 52. Qf4 $1 Qb3 53. Re3 Qd1 {Black wants to play ...Qd2.} 54. Re6 Qf1 {[#] intending ...Bg5.} 55. Re4 $1 ({Worse is} 55. Rxf6 g3+ 56. fxg3 hxg3+ 57. Kxg3 Qg1+ 58. Kf3 Qf2+ 59. Ke4 Qd4+ 60. Kf3 Qf2+ 61. Kxf2 $11 (61. Ke4 Qd4+ 62. Kxd4 $11)) 55... Qd1 56. Qc7 {Intending Qh7+ and mate.} Kg5 $2 (56... Kh6 57. Qb6 Kg7) 57. Qf4+ Kh5 {[#]} 58. Re6 $2 (58. Kg2 $1 $18) 58... Qf1 $1 $11 59. Qe3 Bg5 60. Qd4 {Qh8+ would kill now.} g3+ 61. fxg3 hxg3+ 62. Kxg3 {[%csl Gg3][%cal Rd4g4]} Bf4+ $1 63. Qxf4 {[%csl Ge6][%cal Rf4h6]} Qg2+ $2 {[%mdl 8192]} (63... Qg1+ 64. Kf3 Qf1+ 65. Ke4 Qc4+ 66. Ke3 Qc1+ 67. Kf3 Qf1+ 68. Kg3 Qg1+ 69. Kh3 (69. Kf3 Qf1+ $11) 69... Qh1+ 70. Qh2 (70. Kg3 Qg1+ $11) 70... Qf3+ 71. Qg3 Qxf5+ 72. Kg2 Qxe6) 64. Kxg2 {Precision: White = 68%, Black = 52%.} 1/2-1/2

[Event "19th Karpov Poikovsky 2018"]
[Site "Poikovsky"]
[Date "2018.05.31"]
[Round "5"]
[White "Fedoseev, Vladimir"]
[Black "Nepomniachtchi, Ian"]
[Result "1-0"]
[WhiteElo "2706"]
[BlackElo "2751"]
[Annotator "TA"]
[PlyCount "123"]
[EventDate "2018.??.??"]
[EventType "tourn"]
[EventCountry "RUS"]
[SourceTitle "playchess.com"]
[Source "ChessBase"]
[SourceQuality "1"]

{[%evp 16,123,26,13,28,10,50,13,20,15,9,2,13,14,25,31,29,0,0,-5,16,14,54,35,74,76,52,53,80,42,50,24,55,33,48,22,35,39,26,33,26,26,50,38,50,42,56,41,27,31,43,49,64,8,36,0,24,-27,0,-20,0,0,0,0,0,0,0,0,0,-80,0,0,0,0,14,12,8,10,9,7,0,0,8,8,14,13,45,55,28,0,17,17,339,333,320,322,568,517,779,685,853,810,1349,1330,5401,5377,29990,29985,29991,29992]} 1. d4 Nf6 2. c4 g6 3. Nf3 Bg7 4. e3 O-O 5. Be2 c5 (5... d6 6. Nc3 Nc6 7. d5 Nb4 8. a3 Na6 9. Nd4 e5 10. dxe6 fxe6 11. O-O e5 12. Nb3 c6 13. e4 Nc7 14. f4 Ne6 {½-½ (59) Caruana,F (2784)-Carlsen,M (2843) Karlsruhe/Baden-Baden 2018}) 6. d5 {E60: King's Indian: Unusual lines and Fianchetto Variation without Nc3} e6 7. Nc3 exd5 8. cxd5 d6 9. O-O {LiveBook: 113 Games} Qe7 10. Nd2 b6 $146 ({Predecessor:} 10... Ne8 11. e4 Nd7 12. Re1 Nc7 13. a4 Na6 14. e5 Bxe5 {1-0 (31) Dziedzic,A (2064)-Deneuville,C (2239) ICCF email 2013}) 11. Nc4 Ba6 12. a4 Ne8 13. Qb3 Nc7 14. Nb5 Bxb5 $1 15. axb5 Nd7 {[%cal Bb8d7,Bd7f6,Bf6e4][%mdl 32]} 16. Bd2 Nf6 17. Rfd1 Qd7 18. Na3 {[%cal Bc4a3,Ba3b1,Bb1c3,Bc3a4][%mdl 32]} Rfe8 19. Be1 Qf5 20. Nb1 Qd7 21. Nc3 Ne4 22. Na4 f5 23. Bc4 Qf7 24. f3 Nf6 25. Bf2 Bh6 26. Re1 Re7 27. Bg3 Rd8 28. Qd3 Nce8 {[%cal Bc7e8,Be8f6,Bf6d7,Bd7e5,Be5g4,Bg4e3][%mdl 32]} (28... Nfxd5 $2 29. e4 $18) 29. Nc3 Nh5 30. Bf2 Nef6 31. b4 Nd7 32. Rxa7 Ne5 33. Rxe7 Qxe7 34. Qe2 ({White should try} 34. Qf1 $14) 34... Rc8 $11 35. Na2 Qa7 36. f4 ({White should play} 36. Rb1) 36... Ng4 37. Bh4 Bg7 38. h3 Nxe3 $1 39. Bf2 $1 (39. Qxe3 $2 Bd4 $19) 39... Re8 40. Qf3 ({Reject} 40. Bxe3 Rxe3 41. Qf2 (41. Qxe3 $2 {is the wrong capture.} Bd4 $19) 41... Re4 $17) 40... Re4 41. Rxe3 Rxc4 42. Ra3 (42. Qe2 $11 {remains equal.} Re4 43. Rxe4 fxe4 44. Qxe4) 42... Qb8 (42... Qb7 $1 $17 43. bxc5 dxc5) 43. bxc5 Rxf4 44. Qb3 $1 {aiming for c6.} Rxf2 45. Kxf2 {Black must now prevent c6.} Bd4+ 46. Ke1 {Strongly threatening c6.} Bxc5 47. Ra4 Qe8+ 48. Kd1 Qe5 49. Qf3 Ng3 50. Nc3 $36 {[%mdl 2048] [#] White has some pressure.} Nf1 $1 {[%mdl 512]} 51. Kc2 (51. Qxf1 Qxc3) 51... Ne3+ 52. Kd3 h5 53. g3 Qe7 $2 {[%mdl 8192] [#]} (53... Qg7 $1 $11) 54. Ra8+ $1 $18 Kg7 {[#]} 55. Rc8 $1 f4 $2 (55... h4 {is a better defense.} 56. gxh4 (56. Rxc5 dxc5 57. Qxe3 c4+ 58. Kd2 Qxe3+ 59. Kxe3 hxg3 $18) 56... f4 57. Qxf4 Ng2) 56. Qxf4 Nf5 (56... g5 $142 57. Qe4 Qxe4+ 58. Nxe4 Nxd5 59. Nxc5 dxc5) 57. g4 hxg4 58. hxg4 Nh6 59. Ne4 Nf7 60. g5 Qa7 61. Qf6+ Kh7 62. Rf8 {Precision: White = 66%, Black = 44%.} 1-0

[Event "19th Karpov Poikovsky 2018"]
[Site "Poikovsky"]
[Date "2018.05.31"]
[Round "5"]
[White "Korobov, Anton"]
[Black "Jakovenko, Dmitry"]
[Result "1/2-1/2"]
[WhiteElo "2678"]
[BlackElo "2735"]
[Annotator "TA"]
[PlyCount "138"]
[EventDate "2018.??.??"]
[EventType "tourn"]
[EventCountry "RUS"]
[SourceTitle "playchess.com"]
[Source "ChessBase"]
[SourceQuality "1"]

{[%evp 23,138,6,14,18,18,8,9,11,21,0,0,0,0,0,3,7,6,0,2,0,1,0,0,0,14,12,12,14,39,17,109,125,294,311,235,23,20,30,31,6,11,8,87,75,85,0,0,2,2,2,70,70,70,70,70,70,70,70,70,70,83,83,83,83,83,83,83,83,83,83,83,0,83,83,83,83,83,77,90,0,90,0,97,70,97,77,70,69,77,69,69,8,8,8,8,8,14,14,14,14,14,14,37,37,37,37,37,14,37,14,14,14,21,21,37,0,8]} 1. d4 Nf6 2. c4 e6 3. Nf3 d5 4. Nc3 Be7 5. Bg5 h6 6. Bh4 O-O 7. e3 Nbd7 8. Rc1 c5 {D63: Damengambit (Hauptvariante mit 7.Tc1)} 9. cxd5 Nxd5 10. Bxe7 Nxe7 11. Be2 b6 12. O-O Bb7 {LiveBook: 12 Partien} 13. Qa4 cxd4 14. Nxd4 Nc5 15. Qa3 Nc6 16. Rfd1 {zielt auf Sxc6 ab.} Nxd4 17. Rxd4 Qg5 {[%csl Gb7][%cal Rg5g2]} 18. Bf1 Rfd8 19. Rxd8+ $146 ({Vorgänger:} 19. Rcd1 Rxd4 20. Rxd4 e5 21. Rd2 Ne6 22. Rd7 Nc5 23. Rd2 {½-½ (23) Haag,W (2184)-Pfreundt,J (2327) Erfurt 2016}) 19... Qxd8 20. b4 Ne4 21. Nxe4 Bxe4 22. b5 Bd5 23. Qc3 Qg5 24. a4 Rb8 25. Qc7 Rb7 26. Qd6 (26. Qc8+ {keeps more tension.} Kh7 27. h4 Qe5 28. Qf8 g6 29. Rc8) 26... Be4 (26... Kh7 $11) 27. Rc4 $1 $16 {[%cal Rc4e4]} ({Doch nicht} 27. Rc8+ $6 Kh7 $11) 27... Qd5 $2 (27... Bf5 $16 {war einen Versuch wert.}) 28. Qc6 $18 (28. Rc8+ Kh7 $11) 28... f5 {[#]} 29. Qc8+ $2 ({Keinesfalls} 29. Qe8+ $6 Kh7 $14) ({Günstiger ist} 29. f3 $1 $18 {[%cal Rf3e4]} Bb1 30. Rb4 (30. Qe8+ Kh7 $14)) 29... Kh7 $11 30. Rd4 Qe5 31. Rd8 Re7 32. h4 $36 {[%mdl 2048] Weiss steht aktiver.} g5 (32... Qc7 $11 {bleibt in der Remisbreite.}) 33. hxg5 $16 hxg5 {[#]} 34. Re8 (34. Rg8 $1 $16 {[%cal Rg8g5]} Qf6 35. Rf8) 34... Qg7 $11 35. Rxe7 Qxe7 36. Bc4 Bb7 ({Besser ist} 36... Qd6 $11) 37. Qxe6 $14 Qxe6 38. Bxe6 {[%mdl 4096] Endspiel KL-KL} Kg6 39. f4 Kf6 40. Bb3 $1 gxf4 41. exf4 Be4 42. Kf2 Ke7 43. g3 Bb7 44. Ke3 Bc8 45. Kd4 Kd6 46. Bd5 Bd7 47. Bb3 Bc8 $1 48. Bd1 Be6 49. Bc2 Bd7 50. Ke3 Ke7 51. Bb3 Bc8 52. Kf2 Bb7 53. Kg1 Kf6 54. Bd1 Bd5 55. Kh2 Be6 56. Kh3 Bd5 57. g4 (57. Bc2 $1 $14) 57... fxg4+ $1 $11 58. Kxg4 Bf7 59. Bc2 Bd5 60. Kg3 Be6 61. Kf2 Bd5 62. Ke3 Be6 63. Kd4 Bf7 64. Kc3 Bh5 65. Kc4 {Droht Kd5 und aus.} Bf3 66. Kd4 Ke6 67. Ke3 Bd5 68. Kd3 Kf6 69. Kd4 Bf7 {Precision: Weiß = 59%, Schwarz = 57%.} 1/2-1/2

[Event "19th Karpov Poikovsky 2018"]
[Site "Poikovsky"]
[Date "2018.05.31"]
[Round "5"]
[White "Sutovsky, Emil"]
[Black "Artemiev, Vladislav"]
[Result "1/2-1/2"]
[WhiteElo "2647"]
[BlackElo "2704"]
[Annotator "TA"]
[PlyCount "54"]
[EventDate "2018.??.??"]
[EventType "tourn"]
[EventCountry "RUS"]
[SourceTitle "playchess.com"]
[Source "ChessBase"]
[SourceQuality "1"]

{[%evp 15,54,37,28,-62,-5,0,-19,-63,-49,-61,-60,-54,-58,-59,-44,-48,-41,-39,-47,-55,-41,-53,-4,-37,-31,-35,-19,-15,-16,-16,-16,-12,-13,-33,0,0,0,0,0,0,0]} 1. e4 c6 2. d4 d5 3. e5 Bf5 4. h4 h5 5. c4 e6 6. Nc3 Ne7 7. Nge2 {B12: Caro-Kann: Advance Variation} Bg4 8. Bg5 Qb6 {LiveBook: 12 Games} 9. c5 $146 (9. cxd5 $11 Nxd5 10. Qd2) ({Predecessor:} 9. Qd2 Nd7 10. Ng3 f6 11. exf6 gxf6 12. Be3 Nf5 13. Nxf5 Bxf5 14. cxd5 cxd5 {1-0 (23) Alekseev,E (2673)-Shimanov,A (2583) Taganrog 2011}) 9... Qc7 (9... Qxb2 $15 10. Qb1 Qxb1+ 11. Rxb1 Bxe2 12. Bxe2 (12. Nxe2 b6 $17) 12... b6) 10. f3 $11 Bf5 11. Ng3 f6 $1 {[%cal Rf6g5]} 12. Bf4 $1 Nd7 {[%cal Rf6e5]} 13. exf6 $1 Qxf4 14. Nce2 $1 {[%cal Re2f4]} Qh6 15. fxe7 Bxe7 16. Nxf5 exf5 17. g3 b6 18. cxb6 Nxb6 {[%cal Bd7b6,Bb6c4,Bc4e3][%mdl 32]} 19. Qc1 Bb4+ 20. Kd1 $1 Nc4 21. Qxh6 Rxh6 22. Nf4 Ne3+ 23. Ke2 Nc2 24. Rd1 Ba5 25. Kd3 {The position is equal.} Ne1+ 26. Ke3 {[#] Strongly threatening Rc1.} Nc2+ 27. Kd3 Ne1+ {Precision: White = 60%, Black = 61%.} 1/2-1/2

[Event "19th Karpov Poikovsky 2018"]
[Site "Poikovsky"]
[Date "2018.05.31"]
[Round "5"]
[White "Bologan, Victor"]
[Black "Kovalev, Vladislav"]
[Result "0-1"]
[WhiteElo "2610"]
[BlackElo "2650"]
[Annotator "TA"]
[PlyCount "104"]
[EventDate "2018.??.??"]
[EventType "tourn"]
[EventCountry "RUS"]
[SourceTitle "playchess.com"]
[Source "ChessBase"]
[SourceQuality "1"]

{[%evp 14,104,41,41,42,39,47,27,40,32,43,35,39,0,0,-7,-6,-11,-11,-13,-13,-20,-14,-10,19,3,43,56,59,65,108,74,124,106,139,87,121,41,103,0,53,52,52,-80,-71,-179,-12,-16,37,38,27,-8,0,0,0,-14,-13,-52,-65,-129,-132,-105,-108,-133,-112,-129,-21,-19,-19,-18,-18,-18,-8,-8,-8,-8,0,-8,0,-76,-77,-77,-77,-77,-75,-77,-74,-214,-164,-536,-409,-1879,-1860]} 1. d4 Nf6 2. c4 g6 3. Nc3 Bg7 4. e4 d6 5. Nge2 O-O 6. Ng3 e5 7. d5 h5 8. Be2 {LiveBook: 9 Games. E70: King's Indian: Miscellaneous lines with 4 e4, including 5 Nge2 and 5 Bd3 0-0 6 Nge2} h4 (8... Na6 9. Bg5 Qe8 10. O-O Nh7 11. Be3 h4 12. Nh1 h3 13. g3 f5 14. exf5 gxf5 15. f4 Nf6 {½-½ (79) Tregubov,P (2646)-Djuric,S (2463) Bastia/Ajaccio 2008}) 9. Nf1 Nh7 10. h3 {White is slightly better.} f5 $146 ({Predecessor:} 10... Nd7 11. Nh2 f5 12. Be3 Ndf6 13. Bd3 fxe4 14. Nxe4 Nh5 {½-½ (14) Narciso Dublan,M (2507)-Moreno Carnero,J (2515) Barcelona 2000}) 11. Nh2 a5 12. O-O Na6 13. exf5 gxf5 14. f4 e4 15. Be3 Bd7 16. Kh1 Kh8 17. Rg1 Rg8 18. Nf1 Qe7 19. Kh2 c5 20. dxc6 bxc6 21. Qd2 Nc7 22. Rd1 d5 23. g4 $1 {[%cal Rc4d5]} (23. cxd5 $6 Nxd5 24. Nxd5 cxd5 $11) 23... Rad8 24. cxd5 (24. Bb6 $142 fxg4 25. Bxc7 g3+ 26. Nxg3 hxg3+ 27. Rxg3) 24... cxd5 25. Bd4 (25. Nxd5 $2 Nxd5 26. Qxa5 Nxe3 $19) (25. Bb6 $1 $16 {[%cal Rb6c7]} Bc8 26. gxf5 (26. Bxa5 d4 $11)) 25... Qd6 ({Better is} 25... Bxd4 $14 26. Qxd4+ Qf6) 26. Kh1 ({White should play} 26. Ne3 $16) 26... Ne6 (26... fxg4 $1 $11 27. hxg4 Ne6 28. Bxg7+ Rxg7) 27. Bxg7+ $14 Rxg7 28. Qxd5 (28. Nxd5 $14 {keeps the upper hand.} Bc6 29. gxf5 Bxd5 30. fxe6 Qxe6 31. Qc3) 28... Qxf4 $17 29. Nh2 (29. Rg2 $17) 29... e3 $2 (29... Nhg5 $1 $19 {[%cal Rg5h3]} 30. Rgf1 Qg3 31. Rxf5 Nf4 32. Rxf4 Qxf4) 30. gxf5 $11 Nf6 (30... Rxg1+ $11 31. Rxg1 Nd4) 31. Qf3 $14 Rxg1+ 32. Rxg1 (32. Kxg1 $5 {[%cal Rf5e6]} Ng5 33. Qxf4 Nxh3+ 34. Kf1 Nxf4 35. Rd4 Nxe2 36. Rxh4+ (36. Kxe2 Kg7 $14) 36... Kg7 37. Kxe2 $14) 32... Qxf3+ 33. Nxf3 Nf4 34. Ne5 {Nf7+ is the strong threat.} Kh7 35. Bg4 Bc8 36. Re1 (36. Bf3 $1 $15) 36... Nxg4 37. Nxg4 ({Don't go for} 37. hxg4 $2 Bb7+ 38. Kg1 Rd2 $19) 37... Bb7+ 38. Kg1 Nxh3+ 39. Kf1 {[#]} Ba6+ (39... Rd4 $1 $17 {[%cal Rd4g4]} 40. Nf6+ (40. Nxe3 Rf4+ 41. Ke2 Rf2+ 42. Kd3 Nf4+ 43. Kd4 Rd2+ 44. Kc4 Rxb2 $17) 40... Kg7 41. Nh5+ Kh6 42. Rxe3 Kxh5 43. Rxh3 Kg5) 40. Kg2 $11 Ng5 {aiming for ...Rd2+.} 41. Rxe3 Rd2+ 42. Kg1 Rxb2 43. Nd5 Rb1+ 44. Kh2 Rb2+ 45. Kg1 Bb7 46. Ngf6+ {[#]} (46. Re7+ $11 {remains equal.} Kg8 47. Ngf6+ Kh8 48. Re8+ Kg7 49. Rg8+ Kf7 50. Rxg5) 46... Kh6 $1 $17 47. Ng4+ Kg7 48. f6+ Kf8 49. Nf4 h3 ({Don't play} 49... Rxa2 $6 50. Re7 $14) 50. Ng6+ (50. Kf1 $17 h2 51. Nxh2 Rxh2 52. Ng6+ Kg8 53. Re7 Ba6+ 54. Ke1) 50... Kg8 51. N6e5 $2 (51. Nh4 Be4 52. a3) 51... Rxa2 {White must now prevent ...Rg2+.} 52. Rd3 (52. Nf2 $142 h2+ 53. Kxh2 Rxf2+ 54. Kg1 Rxf6 55. Rb3 Nf3+ 56. Nxf3 Bxf3 57. Ra3) 52... Rg2+ {Precision: White = 35%, Black = 51%.} 0-1

[Event "19th Karpov Poikovsky 2018"]
[Site "Poikovsky"]
[Date "2018.06.02"]
[Round "6"]
[White "Nepomniachtchi, Ian"]
[Black "Bologan, Victor"]
[Result "1-0"]
[WhiteElo "2751"]
[BlackElo "2599"]
[Annotator "TA"]
[PlyCount "69"]
[EventDate "2018.??.??"]
[EventType "tourn"]
[EventCountry "RUS"]
[SourceTitle "playchess.com"]
[Source "ChessBase"]
[SourceQuality "1"]

{[%evp 17,69,-22,-22,-40,-11,0,0,-8,24,24,23,-9,23,0,4,-20,-31,-54,14,23,23,13,51,59,59,56,62,23,21,29,71,79,86,87,200,200,200,200,570,619,602,607,578,578,560,543,760,752,722,700,879,0,876,841]} 1. e4 e5 2. Nf3 Nc6 3. Bb5 Nf6 4. d3 Bc5 5. Nbd2 (5. Bxc6 dxc6 6. Qe2 Qe7 7. Nbd2 Bg4 8. h3 Bh5 9. a3 Nd7 10. b4 Bb6 11. Nc4 a5 12. Rb1 axb4 13. axb4 Ra2 {0-1 (52) Carlsen,M (2843)-Aronian,L (2764) Stavanger 2018}) 5... O-O 6. Bxc6 {C65: Ruy Lopez: Berlin Defence (3...Nf6), unusual lines and 4 0-0 Bc5} dxc6 7. Nc4 Nd7 8. Qe2 Re8 9. h4 b5 {LiveBook: 3 Games} 10. Na5 Bb4+ (10... Qf6 {is more complex.} 11. a4 Bb6 12. b4 Nf8 13. axb5 cxb5 14. Bg5 Qd6) 11. Bd2 Bxa5 12. Bxa5 Nf8 13. Qe3 Qd6 {[#]} 14. h5 $146 c5 15. Bd2 Ne6 16. O-O-O b4 17. g4 Nd4 (17... a5 $15) 18. Nxd4 $11 exd4 19. Qf3 Qa6 20. Kb1 $1 c4 21. dxc4 Bb7 22. Rde1 Qxc4 23. h6 Qe6 {[%cal Rb7e4]} 24. Qf4 $1 {Hoping for hxg7.} b3 25. axb3 {aiming for hxg7.} d3 (25... g6 $16 {keeps fighting.}) 26. cxd3 $40 {[%mdl 128] White attacks with force.} Ba6 27. Rh3 {Strongly threatening hxg7.} Qxb3 $2 (27... Red8) 28. Qg5 {[%csl Gh6][%cal Rg5g7]} Bxd3+ {[#]} 29. Rxd3 $1 {[%mdl 512]} Qxd3+ 30. Kc1 $1 {[%csl Gh6][%cal Rg5g7]} Qc4+ 31. Bc3 $1 {[%csl Gc3,Gh6][%cal Rg5g7]} g6 {And now ...Re6 would win.} 32. Qf6 {[%csl Gc3,Gh6][%cal Rf6g7]} Kf8 {[#]} 33. Rd1 $1 {[%cal Rd1d7] White threatens Rd7 and mate.} Qxe4 {[#]} 34. Qg7+ $1 Ke7 35. Re1 {Precision: White = 77%, Black = 42%.} 1-0